| 000 | 00924cam a2200205 i 4500 | ||
|---|---|---|---|
| 005 | 20251210103421.0 | ||
| 008 | 250721s2013 jo gr 000 0 ara d | ||
| 020 | _a9789957490751 | ||
| 082 | 1 | 4 |
_a216.25 _bم ك ي |
| 100 | 1 |
_aالمكي الشافعي، فخر الدين أبي بكر بن علي بن ظهيرة _d(ت/889ه -1484م)، _eمؤلف. |
|
| 245 | 1 | 0 |
_aغنية الفقير في حكم حج الأجير / _cتأليف الشيخ فخر الدين ابي بكر بن علي بن محمد بن ظهيره الشافعي المكي ؛ دراسه وتحقيق ياسر سلامه ابو طعمه. |
| 264 | 3 | 1 |
_aعمان : _bوزارة الثقافة، _c2013. |
| 300 | _a299 صفحه. | ||
| 650 | 1 | 7 | _aالحج. |
| 650 | 1 | 7 | _aالعبادة. |
| 650 | 1 | 7 | _aالأماكن المقدسة. |
| 700 | 1 |
_aأبو طعمة، ياسر سلامة _eمحقق |
|
| 942 |
_2ddc _cBK |
||
| 999 |
_c128258 _d128258 |
||